Manual de Preparación para la Prueba de Conocimientos Específicos de Historia y Geografía de Chile
Guardat en:
| Autors principals: | , , , |
|---|---|
| Altres autors: | |
| Format: | Llibre |
| Idioma: | espanyol |
| Publicat: |
Santiago
Ediciones Universidad Católica de Chile
1998
|
| Edició: | 3a. ed |
| Matèries: | |
| Etiquetes: |
Afegir etiqueta
Sense etiquetes, Sigues el primer a etiquetar aquest registre!
|
MARC
| LEADER | 00000nam a2200000 a 4500 | ||
|---|---|---|---|
| 001 | UCH6607 | ||
| 003 | CL-VaPUC | ||
| 008 | 091109e19980000CL |||||||||||||||||spa|d | ||
| 020 | |a 9561404125 | ||
| 082 | 0 | 4 | |a 371.264 |b VIA |2 21 |
| 100 | 0 | |a Vial M., Samuel |e author |9 543232 | |
| 700 | |a Lagos L., Gabriel |e author |9 543233 | ||
| 700 | |a Lavaud O., Gonzalo |e author |9 543234 | ||
| 700 | |a Muñoz Delaunoy, Ignacio |e autor |9 571281 | ||
| 700 | 0 | |a Ortega Meza, René |e author |9 543236 | |
| 245 | 1 | 0 | |a Manual de Preparación para la Prueba de Conocimientos Específicos de Historia y Geografía de Chile |
| 250 | |a 3a. ed | ||
| 300 | |a 277 p | ||
| 942 | |c BK | ||
| 945 | |d 20091109 00:00:00 |a lazolas | ||
| 260 | |a Santiago |b Ediciones Universidad Católica de Chile |c 1998 | ||
| 650 | 0 | |a Educación superior |9 223851 | |
| 650 | 0 | |a Evaluación de la educación |9 237505 | |
| 650 | 7 | |a IMPERIO INCAICO |2 CL-VaPUC |9 536051 | |
| 650 | 7 | |a DESCUBRIMIENTO DE AMERICA |2 CL-VaPUC |9 543237 | |
| 650 | 7 | |a DESCUBRIMIENTO DE CHILE |2 CL-VaPUC |9 543238 | |
| 650 | 0 | |a Geografía de Chile |9 268295 | |
| 650 | 0 | |a Historia de Chile |9 265473 | |
| 650 | 7 | |a ECONOMIA CHILENA |2 CL-VaPUC |9 410148 | |
| 650 | 7 | |a PRUEBA DE APTITUD ACADEMICA |2 CL-VaPUC |9 543239 | |
| 650 | 7 | |a PRUEBA DE CONOCIMIENTOS ESPECIFICOS |2 CL-VaPUC |9 543240 | |
| 583 | |a last modification |c 20131129 02:34:52 |k Rodrigo Vera | ||
| 999 | |c 337470 |d 337468 | ||